000 00446nam a2200181Ia 4500
001 10803
003 IN-NITTTR
005 20251114233101.0
008 251113s9999||||xx |||||||||||||| ||eng||
040 _beng
040 _cIN-NITTTR
041 _aeng
082 _a651.75 V862B
100 _aVogel, Robert A.
245 0 _aBusiness communication /
_cVogel, Robert A., Brooks, William D.
700 _a Brooks, William D.
942 _2ddc
_cBK
999 _c13439
_d13439